| 000 | 00527cam a2200181 i 4500 | ||
|---|---|---|---|
| 020 | _a0408001976 : | ||
| 082 | 0 | 0 |
_a526.9/02/4624 _bWHY _cL-38, P-68 |
| 100 | 1 |
_aWhyte, W. S. _939644 |
|
| 245 | 1 | 0 |
_aBasic metric surveying / _c[by] W. S. Whyte. |
| 250 | _a2nd ed. | ||
| 260 |
_aLondon : _bNewnes-Butterworths, _c1976 [i.e. 1975] |
||
| 300 |
_aviii, 312 p. : _bill., map ; _c22 cm. |
||
| 500 | _aIncludes index. | ||
| 526 |
_a0 _b0 _c0 _d526_902462400000000_WHY |
||
| 650 | 0 |
_aMCE _9379 |
|
| 650 | 0 | _aSurveying. | |
| 942 |
_2ddc _cBK |
||
| 999 |
_c544098 _d544098 |
||